000 00440nam a22001697a 4500
005 20180411130140.0
008 160503b xxu||||| |||| 00| 0 eng d
020 _a81-7188240-4
041 _aeng
082 _b1121
_a338.954
100 _aAcademic Foundation Bulletin
_9335
245 _aAdecade of Economic reforms in India
260 _aNew Delhi
_bAcademic Faundation
_c2002
300 _a407
650 _aManagement
_9241
942 _cBK
999 _c430
_d430